000 00766nam a2200229 i 4500
001 30715
003 ES-MaACL
005 20240226211947.0
007 t|
008 030127s1820 fr d |||| |cfre d
080 _a930.9(038)
080 _a929(100)(038)
100 1 _aBayle, Pierre.
_926673
245 1 0 _aDictionnaire historique et critique /
_cde Pierre Bayle.
250 _aNouvelle édition, augmentée de notes extraites de Chaufepié, Joly, La Monnoie, L.-J. Leclerc, Leduchat, Prosper Marchand, etc.
260 _aParís :
_bDesoer,
_c1820 (
_fFain)
300 _a16 v. ;
_c20 cm.
650 4 _aHistoria-
_vDiccionarios.
_9169408
650 0 _aBiografías-
_xDiccionarios
_9222681
852 _aES-MaACL
_jB-1067-82
999 _c30715
_d30715